00989nam a2200277 u 450000100070000000500170000700800410002403500110006504000130007604100080008908200080009710000470010524501020015226000430025430000100029765000460030765000560035365000410040965000390045070000450048994200100053499900190054450200120056352600080057595201280058360371220260506084446.0000623s2000 ||||||m| spa  a603712 ccomduadb aspa 4a00510aZapata V., Juan Fernando4auteaut930775110aDiseño de un modelo conceptual para la integracion de informacion espacial en el area ambiental aMedellín :b[sin publicador],c2000. a93 h. aImpacto ambiental - Bases de datos990540 aSistemas de Información Geográfica (SIG)938252 aManejadores de bases de datos917335 aBases de datos relacionales93276910aCastaño, Angel Uriel4auteaut9503967 cTESIS c152304d152304 b180c17 a182 001040708TESISBCaBCbBCd2000-06-23iC639024l0o005.74 Z35dp61000003875248r2023-04-22 00:00:00t1w2023-04-22yTESIS